Statistiken für Hunderassen Bildquiz

Klicken Sie hier um das Quiz zu spielen!

Allgemein

  • Dieses Quiz wurde 1.610 mal gespielt
  • Das Durchschnittsergebnis liegt bei 11 aus 18

Antwortstatistiken

Antwort% Korrekt
Dackel
99%
Deutscher Schäferhund
98%
Pudel
98%
Sibirischer Husky
95%
Dalmatiner
94%
Mops
94%
Bulldogge
73%
Beagle
69%
Deutsche Dogge
69%
Chihuahua
65%
Langhaarcollie
57%
Shiba
46%
Cocker Spaniel
44%
Chow-Chow
42%
Bloodhound
37%
{Basset} Hound
25%
Australian Cattle Dog
14%
Bichon Frisé
10%

Verteilung der Resultate

Perzentil nach korrekt beantworteten Fragen

Anzahl Personen mit jedem Resultat

Ihre Resultats-Entwicklung

Sie haben dieses Quiz noch nicht gespielt